|
|
|
|
| LEADER |
00000nlm0a2200000 4500 |
| 001 |
187036 |
| 005 |
20231101224033.0 |
| 035 |
|
|
|a (RuTPU)RU\TPU\book\202951
|
| 090 |
|
|
|a 187036
|
| 100 |
|
|
|a 20101109d2010 k y0rusy50 ca
|
| 101 |
0 |
|
|a rus
|
| 102 |
|
|
|a RU
|
| 105 |
|
|
|a a dm 000zy
|
| 135 |
|
|
|a drbn ---uucaa
|
| 181 |
|
0 |
|a i
|
| 182 |
|
0 |
|a b
|
| 200 |
1 |
|
|a Молибденоворудные и молибденсодержащие формации Урала
|b Электронный ресурс
|e автореферат диссертации на соискание ученой степени доктора геолого-минералогических наук
|e спец. 25.00.11
|f В. А. Елохин
|g Уральский государственный университет им. А. М. Горького (УрГУ) ; науч. конс. О. Н. Грязнов
|
| 203 |
|
|
|a Текст
|c электронный
|
| 210 |
|
|
|a Томск
|d 2010
|
| 215 |
|
|
|a 1 файл (1.2 Mb)
|
| 230 |
|
|
|a Электронные текстовые данные (1 файл : 1.2 Mb)
|
| 300 |
|
|
|a Заглавие с титульного экрана
|
| 300 |
|
|
|a Электронная версия печатной публикации
|
| 337 |
|
|
|a Adobe Reader
|
| 452 |
|
1 |
|0 (RuTPU)RU\TPU\book\202529
|t Молибденоворудные и молебденсодержащие формации Урала
|o автореферат диссертации на соискание ученой степени кандидата технических наук
|o Спец.
|c Томск
|d 2010
|p 49 с.
|a Елохин,
|
| 606 |
1 |
|
|a Молибденовые месторождения
|2 stltpush
|3 (RuTPU)RU\TPU\subj\44326
|9 63677
|
| 610 |
1 |
|
|a авторефераты диссертаций
|
| 610 |
1 |
|
|a электронный ресурс
|
| 610 |
1 |
|
|a молибденовые руды
|
| 610 |
1 |
|
|a молибденсодержащие формации
|
| 610 |
1 |
|
|a молибденоворудные формации
|
| 610 |
1 |
|
|a Урал
|
| 610 |
1 |
|
|a эволюция
|
| 610 |
1 |
|
|a геологическая история
|
| 610 |
1 |
|
|a эндогенные формации
|
| 610 |
1 |
|
|a нетрадиционные типы
|
| 610 |
1 |
|
|a вольфрам
|
| 610 |
1 |
|
|a молибден
|
| 610 |
1 |
|
|a рынок
|
| 610 |
1 |
|
|a маркетинговые исследования
|
| 610 |
1 |
|
|a прогнозная оценка
|
| 610 |
1 |
|
|a Уральский регион
|
| 675 |
|
|
|a 553.462(04)
|v 3
|
| 686 |
|
|
|a 25.00.11
|2 oksvnk
|
| 700 |
|
1 |
|a Елохин
|b В. А.
|g Владимир Аскольдович
|
| 702 |
|
1 |
|a Грязнов
|b О. Н.
|g Олег Николаевич
|4 695
|
| 712 |
0 |
2 |
|a Уральский государственный университет им. А. М. Горького (УрГУ)
|c (Свердловск/Екатеринбург)
|2 stltpush
|3 (RuTPU)RU\TPU\col\962
|
| 801 |
|
1 |
|a RU
|b 63413507
|c 20101109
|
| 801 |
|
2 |
|a RU
|b 63413507
|c 20151116
|g RCR
|
| 856 |
4 |
|
|u http://www.lib.tpu.ru/fulltext/a/2010/31.pdf
|
| 942 |
|
|
|c CF
|